000 00543nam a22001695i 4500
001 162412
003 ES-MaACL
005 20230906212523.0
008 990419s1895 sp |||| | spa d
040 _aCCPB | B
_bspa
_cCCPB | B
100 1 _aPons Samper, José.
_993027
245 1 0 _aFibras que laten
_b: disecciones literarias /
_cJosé Pons Samper.
260 _aMadrid :
_b[s.n.],
_c1895 (
_fImprenta de Enrique F. de Rojas)
300 _a306 p. ;
_c20 cm.
752 _aEspaña -
_dMadrid
852 _aES-MaACL
_jG-13496
_z-- Enc. hol.
999 _c162412
_d162412